| 000 | 00454nam a2200193Ia 4500 | ||
|---|---|---|---|
| 008 | 210210b1948 xxu||||| |||| 00| 0 eng d | ||
| 041 | _aeng | ||
| 082 | _a547 WERT | ||
| 100 | _aWERTHEIM (E) | ||
| 245 | _aTextbook of organic chemistry | ||
| 260 |
_aPhiladelphia _bThe Blakiston Co. _c1948 |
||
| 300 | _a867 | ||
| 650 | _aTextbook | ||
| 650 | _aorganic | ||
| 650 | _aof | ||
| 650 | _achemistry | ||
| 690 | _aOrganic Chemistry | ||
| 906 | _a009404 | ||
| 999 |
_c146542 _d146542 |
||